Organisational Management and Information Systems: (Record no. 112)

MARC details
000 -LEADER
fixed length control field 00708nam a22001937a 4500
005 - DATE AND TIME OF LATEST TRANSACTION
control field 20230112110025.0
008 - FIXED-LENGTH DATA ELEMENTS--GENERAL INFORMATION
fixed length control field 230112b |||||||| |||| 00| 0 eng d
020 ## - INTERNATIONAL STANDARD BOOK NUMBER
International Standard Book Number 9780750686815
040 ## - CATALOGING SOURCE
Original cataloging agency KMU
Transcribing agency KMU
050 ## - LIBRARY OF CONGRESS CALL NUMBER
Classification number HD 30.2 Spa 2008
100 ## - MAIN ENTRY--PERSONAL NAME
Personal name Sparks,Darren
245 ## - TITLE STATEMENT
Title Organisational Management and Information Systems:
Remainder of title The Official CIMA Exam Practice Kit:The Key to Your CIMA future!/
Statement of responsibility, etc. Darren Sparkles.
250 ## - EDITION STATEMENT
Edition statement First Edition
260 ## - PUBLICATION, DISTRIBUTION, ETC.
Place of publication, distribution, etc. Burlington,MA:
Name of publisher, distributor, etc. CIMA;
Date of publication, distribution, etc. 2008.
300 ## - PHYSICAL DESCRIPTION
Extent 209 p.:
Dimensions 29cm.
505 ## - FORMATTED CONTENTS NOTE
Formatted contents note Information systems,Operations Management and Quality,Marketing,Managing Human Capital,Change Management and Revision Questions.
600 ## - SUBJECT ADDED ENTRY--PERSONAL NAME
Source of heading or term Management
942 ## - ADDED ENTRY ELEMENTS (KOHA)
Source of classification or shelving scheme Library of Congress Classification
Koha item type Non-Fiction
Suppress in OPAC No
Holdings
Withdrawn status Lost status Source of classification or shelving scheme Damaged status Not for loan Collection Home library Current library Shelving location Date acquired Source of acquisition Total Checkouts Full call number Barcode Date last seen Date last checked out Price effective from Koha item type
    Library of Congress Classification     Non-fiction Kapasa Makasa University Kapasa Makasa University Open Access 06.01.2023 Book Aid International 3 HD 30.2 Spa 2008 745999 20.04.2023 20.04.2023 12.01.2023 Non-Fiction